A complete course in I.S.C. chemistry : (Record no. 42712)

MARC details
000 -LEADER
fixed length control field 00747nam a22002177a 4500
005 - DATE AND TIME OF LATEST TRANSACTION
control field 20100820143115.0
010 ## - LCCN (DPL NO)
LC control number ENG-101046
020 ## - INTERNATIONAL STANDARD BOOK NUMBER
International Standard Book Number 8120906470
Terms of availability 470.00
035 ## - SYSTEM CONTROL NUMBER
System control number EN-84579
037 ## - SOURCE OF ACQUISITION
Source of stock number/acquisition DBAD/PUB
082 ## - DEWEY DECIMAL CLASSIFICATION NUMBER
Classification number 540
100 ## - MAIN ENTRY--PERSONAL NAME
Personal name Saxena, Ved Prakash
245 ## - TITLE STATEMENT
Title A complete course in I.S.C. chemistry :
Remainder of title for class XII /
Statement of responsibility, etc by Ved Prakash Saxena
250 ## - EDITION STATEMENT
Edition statement 9th ed
260 ## - PUBLICATION, DISTRIBUTION, ETC. (IMPRINT)
Place of publication, distribution, etc New Delhi
Name of publisher, distributor, etc Pitambar Publishing Company
Date of publication, distribution, etc 2009
270 ## - ADDRESS
Address 888, East Park Road, Karol Bagh
City New Delhi
Postal code 110005
300 ## - PHYSICAL DESCRIPTION
Extent v.2 (ix, various pagings)
Dimensions 28cm (pbk)
700 ## - ADDED ENTRY--PERSONAL NAME
9 (RLIN) 15530
942 ## - ADDED ENTRY ELEMENTS (KOHA)
Source of classification or shelving scheme Dewey Decimal Classification
Item type English Books
Classification part 540
Call number suffix SAX
Holdings
Withdrawn status Lost status Not for loan Collection code Home library Current library Date acquired Source of acquisition Cost, normal purchase price Full call number Barcode Copy number Cost, replacement price Koha item type
    Not For Loan Non-fiction D.B.Act.Division D.B.Act.Division 20/08/2010 DBAD/PUB 470.00 540 SAX EN-84579 1 470.00 English Books

© Delhi Public Library
Hit Counter
free hit counter